El brigadista Rural
| Main Author: | |
|---|---|
| Format: | Section = Libro |
| Language: | Undetermined Spanish |
| Published: |
Managua
CNACOR
1989
|
| Subjects: |
| LEADER | 00568nam a2200193Ia 4500 | ||
|---|---|---|---|
| 008 | 241007s9999||||xx |||||||||||||| ||und|| | ||
| 040 | |a BIBLIOTECA-RURC/ 305.563 N583 | ||
| 041 | |a spa | ||
| 082 | |a 305.563 N583 | ||
| 100 | 1 | |a Nicaragua. Comisión Nacional de Educación y Capacitación al Campo | |
| 245 | 1 | 0 | |a El brigadista Rural |
| 260 | |a Managua |b CNACOR |c 1989 | ||
| 300 | |a 232 p. :il. | ||
| 650 | 7 | |a TRANSFORMACIONES EN EL CAMPO | |
| 650 | 7 | |b EL CAMPESINADO NICARAGUENSE | |
| 650 | 7 | |c EL MOVIMIENTO COOPERATIV. | |
| 942 | |c BK |2 ddc | ||
| 991 | |a TEXTO | ||
| 999 | |c 14260 | ||